Statistics for Apocalypse in song

Click here to take the quiz!

General Stats

  • This quiz has been taken 136 times
  • The average score is 4 of 14

Answer Stats

LyricsArtist% Correct
Skyfall is where we start
A thousand miles and poles apart
Where worlds collide and days are dark
Adele
79%
A nuclear era, but I have no fear
'Cause London is drowning
I, I live by the river
The Clash
58%
This is it, the apocalypseImagine Dragons
48%
And the walls kept tumbling down
In the city that we love
Bastille
40%
And it’s a hard, and it’s a hard, it’s a hard, and it’s a hard
And it’s a hard rain’s a-gonna fall
Bob Dylan
35%
This place about to blow uh! uh uh uh oh oh oh
Blow uh! uh uh uh oh oh oh
This place about to blow uh! uh uh uh oh oh oh
Blow uh! uh uh uh oh oh oh
Kesha
26%
Baby don't worry, you are my only
You won't be lonely, even if the sky is falling down
Jay Sean
17%
Keep on dancing 'til the world endsBritney Spears
14%
They told me that the end is near
We gotta get away from here
Harry Styles
12%
Some say the end is near
Some say we'll see Armageddon soon
Tool
12%
We're not scaremongering
This is really happening
Radiohead
11%
I brought all this so you can survive when law is lawlessGorillaz
9%
I am a human being,
capable of doing terrible things.
Run!
AWOL Nation
8%
Run away if you want to survive!Real McCoy
4%

Score Distribution

Percentile by Number Answered

Percent of People with Each Score

Your Score History

You have not taken this quiz